Nederlandse Stations met een prachtige Engelse vertaling - Statistieken

Algemene statistieken
  • Deze quiz is 113 keer genomen
  • De gemiddelde score is 12 van 27
Antwoordstatistieken
Hint Antwoord % Correct
Winter's district Winterswijk
79%
Oxs Oss
76%
Country dig Landgraaf
75%
All lakes-East sailors Almere Oostvaarders
71%
Out ghost Uitgeest
69%
Main town Hoofddorp
67%
Stone district Steenwijk
67%
End courts Eindhoven
56%
Horn-Cherry bower Hoorn Kersenboogerd
53%
And sheath-Knowledge park Enschede Kennispark
44%
Hell's mouth-Brew house Helmond Brouwhuis
44%
Those dam Didam
43%
Lord and peat Heerenveen
43%
Of the duke woods east 's Hertogenbosch Oost
43%
Upper cart game-Big pants Bovenkarspel-Grootebroek
42%
Parced D straight-City polders Dordrecht Stadspolders
42%
Meuse T aim-Edge district Maastricht Randwijk
40%
You T straight-Pillars Utrecht Zuilen
40%
Frontst Voorst
36%
Solid and mountain Hardenberg
35%
Solid in X field-Blue Seam Hardinxveld Blauwe Zoom
33%
The finch De Vink
28%
The Hedge-Dregs district Den Haag Moerwijk
26%
More solid district Harderwijk
26%
Lead-Lambs entrenchment Leiden Lammenschans
26%
Speaker lake Boxmeer
11%
Drakes Woerden
4%
Geen overeenkomende quizzen gevonden
Scoreverdeling
Procent van Mensen met Elke Score
Percentiel versus Aantal Correcte Antwoorden
Uw Scoregeschiedenis
U heeft deze quiz nog niet genomen